000 00399nam a2200133Ia 4500
005 20260326100046.0
008 260326s9999||||xx |||||||||||||| ||und||
100 _aVélez González, Roberto
245 0 _aLa integración de la Forma de los Edificios a su entorno /
_cRoberto Vélez González
260 _bUniversidad Autónoma Metropolitana
300 _a146 p.
650 _aURBANISMO
942 _cBK
999 _c7203
_d7203